000 00926cam a2200313 4500
008 090401t1998 xxu||||| |||| 00| 0 eng d
020 _a085406902X
035 _a(Sirsi) u91943
041 _aeng
050 _a526.9
110 _aFederation International Des Geometres
245 _aXXI International Congress : developing the profession in a developing world (Brighton, 19-25 July 1998). Commission 6 : engineering surveys.
260 _aLondon
_bFIG
_c1998
300 _aviii,548p. : ill. ; 21cm.
350 _a0
500 _aAlso held on CD-Rom.
650 _aBRIDGES
650 _aCONFERENCES
650 _aDEFORMATION
650 _aENGINEERING SURVEYING
650 _aGPS
650 _aRAILWAYS
650 _aPROPERTY-INFRASTRUCTURE-TRANSPORT INFRASTRUCTURE-ROAD INFRASTRUCTURE
650 _aSURVEYORS
650 _aTUNNELS
690 _aLAND SURVEYING
942 _n0
948 _c10/03/1999
999 _c97695
_d97695